Exploring American History 2: Reading, vocabulary, and test-taking skills

Exploring American History is a two book series, that develops student" reading, vocabulary building, and test taking skills around compelling topics in U.S. history.

সংরক্ষণ করুন:
গ্রন্থ-পঞ্জীর বিবরন
প্রধান লেখক: LeFaivre, Phil
বিন্যাস: গ্রন্থ
ভাষা:Undetermined
প্রকাশিত: New York McGraw-Hill/ESL/ELT 2004
বিষয়গুলি:
ট্যাগগুলো: ট্যাগ যুক্ত করুন
কোনো ট্যাগ নেই, প্রথমজন হিসাবে ট্যাগ করুন!
Thư viện lưu trữ: Trung tâm Học liệu Trường Đại học Cần Thơ
LEADER 00836nam a2200229Ia 4500
001 CTU_179518
008 210402s9999 xx 000 0 und d
020 |c 562600 
082 |a 428.24 
082 |b L488/Vol.2 
100 |a LeFaivre, Phil 
245 0 |a Exploring American History 2: 
245 0 |b Reading, vocabulary, and test-taking skills 
245 0 |c Phil Lefaivre, Flo Decker 
260 |a New York 
260 |b McGraw-Hill/ESL/ELT 
260 |c 2004 
520 |a Exploring American History is a two book series, that develops student" reading, vocabulary building, and test taking skills around compelling topics in U.S. history. 
650 |a English language,Anh văn 
650 |x Study and teaching,Dạy và học 
904 |i Linh, Trọng Hiếu 
980 |a Trung tâm Học liệu Trường Đại học Cần Thơ